| 000 | 00685nam a2200121Ia 4500 | ||
|---|---|---|---|
| 008 | 220620s9999||||xx |||||||||||||| ||und|| | ||
| 100 | _aKrabberød, Tommy||Jacobsen, Jan O. | ||
| 245 | 0 |
_aChapter 25 Military Strategies for Samhandling in Unforeseen Situations _bA Historical Perspective |
|
| 546 | _aEnglish[eng] | ||
| 650 | _aSamhandling||Auftragstaktik||interaction||leadership||education||problem solving||unforeseen | ||
| 856 | _uhttps://library.oapen.org/bitstream/20.500.12657/28296/1/Interaction_ch25.pdf||https://library.oapen.org/bitstream/20.500.12657/28296/1/Interaction_ch25.pdf||https://library.oapen.org/bitstream/20.500.12657/28296/1/Interaction_ch25.pdf | ||
| 942 | _cEB | ||
| 999 |
_c33527 _d33527 |
||